| LEADER | 00691nam a2200169 i 4500 | ||
|---|---|---|---|
| 003 | GR-PaULI | ||
| 005 | 20210117211114.0 | ||
| 008 | 200703b ||||| |||| 00| 0 eng d | ||
| 952 | |0 0 |1 0 |2 ddc |4 0 |6 889_134000000000000_ΚΟΥ |7 0 |9 241716 |a LISP |b LISP |c DON |d 2020-07-03 |e ΓΑΛ |i 14840 |l 0 |o 889.134 ΚΟΥ |p 025000271732 |r 2020-07-03 00:00:00 |t 1 |v 2020.00 |w 2020-07-03 |y BKN | ||
| 999 | |c 145844 |d 145844 | ||
| 040 | |a GR-PaULI |b gre |c GR-PaULI |e AACR2 | ||
| 082 | 0 | 4 | |2 23 |a 889.134 |
| 100 | |9 78026 |a Κούρση, Μαρία, |d 1958- |e συγγραφέας | ||
| 245 | 1 | 0 | |a Κουκκίδα διαστάσεων / |c Μαρία Κούρση. |
| 300 | |a 47 σ.; |c 17 εκ. | ||
| 942 | |2 ddc |c BKN | ||
| 998 | |c ΣΑΤΛΑΝΗΣ |d 2020-06 | ||